Child care research, policy, and practice / (Record no. 937)

000 -LEADER
fixed length control field 00984nam a2200277 a 4500
003 - CONTROL NUMBER IDENTIFIER
control field OSt
005 - DATE AND TIME OF LATEST TRANSACTION
control field 20210622100428.0
008 - FIXED-LENGTH DATA ELEMENTS--GENERAL INFORMATION
fixed length control field 910816s1989 enk b 001 0 eng
020 ## - INTERNATIONAL STANDARD BOOK NUMBER
International Standard Book Number 0340513314 :
040 ## - CATALOGING SOURCE
Transcribing agency DLC
043 ## - GEOGRAPHIC AREA CODE
Geographic area code e-uk---
050 00 - LIBRARY OF CONGRESS CALL NUMBER
Classification number HQ778.7
Item number .G7 C46 1989
245 00 - TITLE STATEMENT
Title Child care research, policy, and practice /
Statement of responsibility, etc. edited by Barbara Kahan for the Open University.
260 ## - PUBLICATION, DISTRIBUTION, ETC.
Place of publication, distribution, etc. London :
Name of publisher, distributor, etc. Hodder & Stoughton in association with the Open University,
Date of publication, distribution, etc. 1989.
300 ## - PHYSICAL DESCRIPTION
Extent viii, 286 p. ;
Dimensions 24 cm.
504 ## - BIBLIOGRAPHY, ETC. NOTE
Bibliography, etc. note Includes bibliographical references and index.
650 #0 - SUBJECT ADDED ENTRY--TOPICAL TERM
Topical term or geographic name entry element Child care
General subdivision Research
Geographic subdivision Great Britain.
650 #0 - SUBJECT ADDED ENTRY--TOPICAL TERM
Topical term or geographic name entry element Child care services
Geographic subdivision Great Britain.
700 1# - ADDED ENTRY--PERSONAL NAME
Personal name Kahan, Barbara.
710 2# - ADDED ENTRY--CORPORATE NAME
Corporate name or jurisdiction name as entry element Open University.
906 ## - LOCAL DATA ELEMENT F, LDF (RLIN)
a 7
b cbc
c orignew
d 2
e ncip
f 19
g y-gencatlg
942 ## - ADDED ENTRY ELEMENTS (KOHA)
Source of classification or shelving scheme
Koha item type Book
Suppress in OPAC SO
Holdings
Withdrawn status Lost status Source of classification or shelving scheme Damaged status Not for loan Permanent Location Current Location Shelving location Date acquired Total Checkouts Full call number Barcode Date last seen Copy number Price effective from Koha item type Public note
          AU LIBRARY AU LIBRARY Open Shelf 22.06.2021   HQ778.7 .G7 C46 1989 C2 28001581 22.06.2021 2 22.06.2021 Book SO
          AU LIBRARY AU LIBRARY Open Shelf 23.06.2021   HQ778.7 .G7 C46 1989 C1 28001580 23.06.2021 1 23.06.2021 Book SO

Powered by Koha